000 00528nam a22001817a 4500
005 20151014115202.0
010 _aENG-113702
020 _a9788189430603
_c195.00
035 _aEN-97234
037 _bDBAD/PUB
082 _a133.5
100 _aKriyananda, Swami
245 _aYour sun sign as a spiritual guide /
_cby Swami Kriyananda
260 _aGurgaon
_bAnanda Sangha Publications
_c2013
270 _aB-108 DLF Phase I
_bGurgaon
_e122002
300 _a203p.
_c21cm(pbk)
942 _2ddc
_cEN
_mKRI
_h133.5
999 _c95220
_d95220